=LDR 00000nam 2200000 4500 =001 INLIS000000000018255 =005 20140624152625.0 =006 =007 =008 Ind =035 ##$$a 0010-061300000018255 =041 ##$$a Ind =082 ##$$a 631.068 =090 ##$$a 631.068, Sya p =100 ##$$a Syarif, Rizal =245 ##$$a Pengetahuan bahan untuk industri pertanian, Rizal Syarif =260 ##$$a 1988 $b Jakarta =300 ##$$a x, 210 hlm, ilus, 21 cm =650 ##$$a Manajemen Usaha Tani =850 ##$$a NBPNMAT